Космоструктурная модель района Калгутинского редкометалльного месторождения (Горный Алтай); Известия Томского политехнического университета [Известия ТПУ]; Т. 311, № 1 : Науки о Земле

Bibliografiske detaljer
Parent link:Известия Томского политехнического университета [Известия ТПУ]/ Томский политехнический университет (ТПУ).— , 2000-
Т. 311, № 1 : Науки о Земле.— 2007.— [С. 45-53]
Andre forfattere: Поцелуев А. А. Анатолий Алексеевич, Ананьев Ю. С. Юрий Сергеевич, Анникова И. Ю., Владимиров А. Г., Василевский А. Н., Витте Л. В.
Summary:Заглавие с титульного листа
Электронная версия печатной публикации
Изучены космоструктуры района Калгутинского редкометалльного месторождения (Горный Алтай) по материалам мультиспектральной космической съемки Landsat ETM+ и радиолокационной съемки SRTM. Район локализован внутри крупной кольцевой структуры сложного строения, характеризующейся длительным многоэтапным (многоимпульсным) развитием. Установлено погружение корневой (очаговой) части структуры с запад - северо-запада на восток - юго-восток. Положение кольцевой структуры контролируется узлом пересечения зон разломов северо-западного, северо-восточного и северо-восточно - субширотного направлений. Калгутинский гранитный массив и собственно месторождение находятся во внутреннем поясе структуры в кольцедиаметром 15,2 км. Высоко оценены перспективы рудоносности юго-восточной части района, в связи с развитием малых кольцевых структур второго типа.
Sprog:russisk
Udgivet: 2007
Serier:Геология и полезные ископаемые
Fag:
Online adgang:http://www.lib.tpu.ru/fulltext/v/Bulletin_TPU/2007/v311/i1/07.pdf
Format: MixedMaterials Electronisk Book Chapter
KOHA link:https://koha.lib.tpu.ru/cgi-bin/koha/opac-detail.pl?biblionumber=172389

MARC

LEADER 00000nla2a2200000 4500
001 172389
005 20231220105940.0
035 |a (RuTPU)RU\TPU\book\186954 
035 |a RU\TPU\book\186953 
090 |a 172389 
100 |a 20091213d2007 k y0rusy50 ca 
101 0 |a rus 
102 |a RU 
135 |a drnn ---uucaa 
181 0 |a i  
182 0 |a b 
200 1 |a Космоструктурная модель района Калгутинского редкометалльного месторождения (Горный Алтай)  |f А. А. Поцелуев [и др.] 
203 |a Текст  |c электронный 
215 |a 1 файл (1.2 Мб) 
225 1 |a Геология и полезные ископаемые 
300 |a Заглавие с титульного листа 
300 |a Электронная версия печатной публикации 
320 |a [Библиогр.: с. 52-53 (21 назв.)] 
330 |a Изучены космоструктуры района Калгутинского редкометалльного месторождения (Горный Алтай) по материалам мультиспектральной космической съемки Landsat ETM+ и радиолокационной съемки SRTM. Район локализован внутри крупной кольцевой структуры сложного строения, характеризующейся длительным многоэтапным (многоимпульсным) развитием. Установлено погружение корневой (очаговой) части структуры с запад - северо-запада на восток - юго-восток. Положение кольцевой структуры контролируется узлом пересечения зон разломов северо-западного, северо-восточного и северо-восточно - субширотного направлений. Калгутинский гранитный массив и собственно месторождение находятся во внутреннем поясе структуры в кольцедиаметром 15,2 км. Высоко оценены перспективы рудоносности юго-восточной части района, в связи с развитием малых кольцевых структур второго типа. 
337 |a Adobe Reader 
461 1 |0 (RuTPU)RU\TPU\book\176237  |t Известия Томского политехнического университета [Известия ТПУ]  |f Томский политехнический университет (ТПУ)  |d 2000- 
463 1 |0 (RuTPU)RU\TPU\book\186947  |t Т. 311, № 1 : Науки о Земле  |v [С. 45-53]  |d 2007 
610 1 |a космоструктурная модель 
610 1 |a Калгутинское месторождение 
610 1 |a Горный Алтай 
610 1 |a космоструктуры 
610 1 |a космическая съемка 
610 1 |a радиолокационная съемка 
610 1 |a кольцевые структуры 
610 1 |a разломы 
610 1 |a Калгутинский гранитный массив 
610 1 |a рудоносность 
610 1 |a труды учёных ТПУ 
610 1 |a электронный ресурс 
701 1 |a Поцелуев  |b А. А.  |c геолог  |c профессор Томского политехнического университета, доктор геолого-минералогических наук  |f 1952-  |g Анатолий Алексеевич  |3 (RuTPU)RU\TPU\pers\26071 
701 1 |a Ананьев  |b Ю. С.  |c российский геолог  |c доцент Томского политехнического университета, кандидат геолого-минералогических наук  |f 1966-  |g Юрий Сергеевич  |3 (RuTPU)RU\TPU\pers\26228  |4 070  |9 12016 
701 1 |a Анникова  |b И. Ю. 
701 1 |a Владимиров  |b А. Г. 
701 1 |a Василевский  |b А. Н. 
701 1 |a Витте  |b Л. В. 
801 1 |a RU  |b 63413507  |c 20090623  |g PSBO 
801 2 |a RU  |b 63413507  |c 20211115  |g PSBO 
856 4 |u http://www.lib.tpu.ru/fulltext/v/Bulletin_TPU/2007/v311/i1/07.pdf 
942 |c CF